| 000 | | | 04104nmc2a22000003x 450 |
| 001 | | | 1288f66e-7ae1-4301-9385-733a80562484 |
| 005 | | | 20181126220315.0 |
| 100 | ## | $a | 20161223l18221823k l0rusy0189 ca |
| 101 | 0# | $a | rus |
| 102 | ## | $a | RU |
| 200 | 1# | $a | Дело о состоянии денежных дел Театральной дирекции и об отпуске заимообразно сумм Конторы адресов на перестройки театров |
| | $j | 23 октября 1822 г. - 13 марта 1823 г. |
| 251 | ## | $c | Дело |
| 300 | ## | $a | Дело |
| 300 | ## | $a | Ориг. заголовок дела: Дело по представлению управляющего Дирекцией о долгах её и о назначении по этому прибавочных сумм. 23 октября 1822 г. - 13 марта 1823 г |
| 801 | #0 | $a | RU |
| | $b | РГИА |
| | $c | 20161223 |
| | $g | RCR |
| 801 | #1 | $a | RU |
| | $b | ГлавНИВЦ |
| | $c | 20161223 |
| | $2 | rusmarc |
| 801 | #2 | $a | RU |
| | $b | ПБ им. Б.Н. Ельцина |
| | $c | 20181126 |
| | $g | RCR |
| | $2 | rusmarc |
| 850 | ## | $a | РГИА |
| 852 | ## | $a | РГИА |
| | $e | Федеральное казенное учреждение "Российский государственный исторический архив" (РГИА) |
| | $j | 2345 |
| 937 | ## | $h | РГИА |
| | $d | 12236592 |
| | $a | ASBIBLIO_SCAN |
| 462 | #0 | $1 | 001dd3991dc-24e1-42ec-8838-ca4255420416 |
| | $1 | 2001 |
| | $a | 1746-1850 гг. |
| | $1 | 251 |
| | $c | Опись |
| | $1 | 852 |
| | $j | 1 |
| 461 | #0 | $1 | 0019264ebf8-de62-4f1a-9eb4-9f22098dbbd5 |
| | $1 | 2001 |
| | $a | Дирекция императорских театров МИДв |
| | $1 | 251 |
| | $c | Фонд |
| | $1 | 852 |
| | $j | 497 |
| 215 | ## | $a | 73 л. |
| | $d | 36,5х26 см |
| 371 | ## | $a | Документ не является опубликованным и широко распространяемым |
| 517 | 1# | $a | Дело по представлению управляющего Дирекцией о долгах её и о назначении по этому прибавочных сумм. 23 октября 1822 г. - 13 марта 1823 г |
| 105 | ## | $a | y### |
| 122 | 2# | $a | d |
| 035 | ## | $a | 1288f66e-7ae1-4301-9385-733a80562484 |
| 856 | ## | $u | http://readingroom.main.prlib.ru/item.aspx?id_node=n121008652&mode=full |